000 00738nam a2200205Ii 4500
003 JO-AjNU
008 230605s9999||||xx |||||||||||||| ||und||
040 _aJO-AjNU
_bara
_erda
_cJO-AjNU
041 _aara
050 1 4 _aPJ6151.A2843 1997
100 3 _aأبو النصر، حمزة حمزة,
_eauthor
_98288
245 0 0 _aتيسير النحو والصرف: فوائد مجموعة في النحو والصرف واللغة
250 _aط1
264 3 1 _aالقاهرة: مكتبة الإيمان للنشر والتوزيع، 1997
300 _a100ص
336 _atext
_btxt
_2rdacontent
337 _aunmediated
_bn
_2rdamedia
338 _avolume
_bnc
_2rdacarrier
650 4 _aاللغة العربية-النحو-الصرف
_98289
999 _aA712
_c4280
_d4280